02232cam a22004335a 45000010009000000050017000090080041000260100017000670200043000840200040001270200018001670200015001850350020002000400038002200820022002582450117002802460044003972500031004412600048004723000042005205000135005625000098006975000028007955200317008236500050011406500050011906500064012406510010013046530019013147000032013337000032013657000059013977000039014567300065014957300066015609420008016269990017016349520147016511755727920160518120820.0121205t2014 nyua frf 001 0 eng d a 2012048756 a9780071769174 (pbk. : acid-free paper) a007176917X (pbk. : acid-free paper) a9780071792882 a0071792880 a(DNLM)101597205 aDNLM/DLCbengcDLCdDLCdEG-ScBUE04a615.1078bGOO22200aGoodman and Gilman's manual of pharmacology and therapeutics /ceditors Randa Hilal-Dandan, Laurence L. Brunton.33aManual of pharmacology and therapeutics a2nd ed., International ed. aNew York :bMcGraw-Hill Education,cc.2014. avii, 1206 p. :bill. (col.) ;c23 cm. aRev. ed. of: the Goodman and Gilman's manual of pharmacological therapeutics / [edited] by Laurence L. Brunton ... [et al.]. 2007. aCompanion v. to: Goodman & Gilman's the pharmacological basis of therapeutics. 12th ed. 2011. aIndex : p. [1177]-1206. aOffers coverage of class-specific and disease-specific drugs, organized primarily by organ/system. Derived from Goodman & Gilman's Pharmacological Basis of Therapeutics, Twelfth Edition, this text focuses on the principles of medical pharmacology and drug therapy and delivers coverage of all major drug classes. 0aPharmacologyvHandbooks, manuals, etc.2BUEsh 0aTherapeuticsvHandbooks, manuals, etc.2BUEsh 0aPharmacological Phenomena.vHandbooks, manuals, etc.2BUEsh 2BUEsh bPPhrmcMay20161 aHilal-Dandan, Randa.9400191 aBrunton, Laurence L.9400201 aGoodman, Louis S.q(Louis Sanford),d1906-2000.9400211 aGilman, Alfred,d1908-1984.9400240 aGoodman and Gilman's manual of pharmacological therapeutics.0 aGoodman & Gilman's the pharmacological basis of therapeutics. 2ddc c21775d21747 00102ddc40708AlahramaMAINbMAINc0THd2016-05-18ePurchaseg233.00h3l0o615.1078 GOOp000032541r2025-07-15 00:00:00v291.25yREFERENCE